000 00581nam a2200229Ia 4500
003 OSt
005 20221005121724.0
006 a|||||r|||| 00| 0
007 ta
008 221004b |||||||| |||| 00| 0 kan d
024 _a59955
037 _cTextual
040 _aCRL
_cCRL
_bkan
041 _2kan
_akan
082 _aO33,2M98,3:g, J8
100 _aRajaratnam G P Au.
_9229785
245 0 _aIbbaru dalvayigalu
260 _c1958
650 _aKANNAD DRAMA
942 _hO33,2M98,3:g, J8
_cTEXL
_2cc
999 _c1042054
_d1042054